00429nam a2200145Ia 4500008004100000041000900041082001800050100002000068245003200088260003500120300000800155650000800163999001700171952009500188230718s9999 xx 000 0 und d aEng. a345.05bAND-T aAndrews, Claire 4aThe enforcement of legation aPakistanbSweet and Manac1998 a309 aLaw c26490d26490 00104070aSIRC-LbSIRC-Ld2023-07-18l0o345.05 AND-Tp21442r2023-07-18w2023-07-18yBK